Carpool lanes for busy motorways? (Record no. 117673)

MARC details
000 -LEADER
fixed length control field 00862cam a2200205 4500
001 - CONTROL NUMBER
control field WB@3612-842
008 - FIXED-LENGTH DATA ELEMENTS--GENERAL INFORMATION
fixed length control field 040708n2004 000 0 eng u
035 ## - SYSTEM CONTROL NUMBER
System control number (Sirsi) u126741
245 ## - TITLE STATEMENT
Title Carpool lanes for busy motorways?
260 ## - PUBLICATION, DISTRIBUTION, ETC.
Date of publication, distribution, etc. 2004
490 ## - SERIES STATEMENT
Series statement DfT News Release
Volume/sequential designation 2004/0077 6 July 2004 (2)
520 ## - SUMMARY, ETC.
Summary, etc. The government is looking at introducing high occupancy vehicle, or carpool lanes, in a pilot scheme aimed at cutting congestion and improving journey times on motorways. The sites earmarked for consideration are: M62 junction 25 to 27; M3 junction 3 to 2; M1 junction 13 to 7 and; M61 junction 6 to 3. http://www.dft.gov.uk/pns/DisplayPN.cgi?pn_id=2004 _0077
590 ## - LOCAL NOTE (RLIN)
Local note WB
590 ## - LOCAL NOTE (RLIN)
Local note WB
650 ## - SUBJECT ADDED ENTRY--TOPICAL TERM
Topical term or geographic name entry element TRAFFIC CONGESTION
650 ## - SUBJECT ADDED ENTRY--TOPICAL TERM
Topical term or geographic name entry element MOTORWAYS
650 ## - SUBJECT ADDED ENTRY--TOPICAL TERM
Topical term or geographic name entry element CAR SHARING
690 ## - LOCAL SUBJECT ADDED ENTRY--TOPICAL TERM (OCLC, RLIN)
Topical term or geographic name as entry element TRANSPORT AND COMMUNICATION
942 ## - ADDED ENTRY ELEMENTS (KOHA)
Suppress in OPAC 0
Holdings
Withdrawn status Lost status Source of classification or shelving scheme Damaged status Not for loan Home library Current library Shelving location Date acquired Total Checkouts Full call number Barcode Date last seen Copy number Price effective from Koha item type
    Dewey Decimal Classification     London London News article 08/07/2004   WB4026-20 126741-1001 06/08/2019 1 06/08/2019 News article